Łączna wartość reprezentacji ranking FIFA - Statystyki

Ogólne statystyki
  • Ten quiz został rozwiązany 76 razy
  • Średni wynik to 12 z 15
Statystyki odpowiedzi
Łączna wartość Kraje % Poprawnych
857,00 mln € Brazylia
99%
1,14 mld € Francja
99%
885,50 mln € Niemcy
99%
657,00 mln € Argentyna
97%
671,00 mln € Hiszpania
97%
925,50 mln € Portugalia
93%
1,17 mld € Anglia
91%
572,00 mln € Włochy
87%
421,00 mln € Belgia
83%
659,00 mln € Holandia (Niderland)
83%
424,85 mln € USA
77%
360,30 mln € Chorwacja
74%
294,88 mln € Maroko
50%
346,40 mln € Serbia
46%
337,90 mln € Nigeria
37%
Nie znaleziono quizów pasujących do podanych kryteriów
Rozkład punktacji
Procent ludzi z każdym wynikiem
Percentyl według liczby udzielonych odpowiedzi
Twoja historia wyników
Nie rozwiązałeś tego quizu